Learning Resource and Development

The Changing contract across generations / (Record no. 20708)

MARC details
000 -LEADER
fixed length control field 03623cam a2200553 a 4500
001 - CONTROL NUMBER
control field changingcontract00beng
003 - CONTROL NUMBER IDENTIFIER
control field CaSfIA
005 - DATE AND TIME OF LATEST TRANSACTION
control field 20230525154957.0
007 - PHYSICAL DESCRIPTION FIXED FIELD--GENERAL INFORMATION
fixed length control field cr||||
008 - FIXED-LENGTH DATA ELEMENTS--GENERAL INFORMATION
fixed length control field 921030s1993 nyua b 001 0 eng
010 ## - LIBRARY OF CONGRESS CONTROL NUMBER
LC control number 92039624
040 ## - CATALOGING SOURCE
Original cataloging agency DLC
Transcribing agency DLC
Modifying agency IOG
-- EL$
-- BAKER
-- BTCTA
-- LVB
-- YDXCP
-- GEBAY
-- CaSfIA
020 ## - INTERNATIONAL STANDARD BOOK NUMBER
International Standard Book Number 0202304590 (acid-free paper)
020 ## - INTERNATIONAL STANDARD BOOK NUMBER
International Standard Book Number 9780202304595 (acid-free paper)
020 ## - INTERNATIONAL STANDARD BOOK NUMBER
International Standard Book Number 0202304604 (pbk. : acid-free paper)
020 ## - INTERNATIONAL STANDARD BOOK NUMBER
International Standard Book Number 9780202304601 (pbk. : acid-free paper)
035 ## - SYSTEM CONTROL NUMBER
System control number (OCoLC)27010394
050 00 - LIBRARY OF CONGRESS CALL NUMBER
Classification number HQ796
Item number .C4515 1993
082 00 - DEWEY DECIMAL CLASSIFICATION NUMBER
Classification number 305.2
Edition number 20
029 1# - OTHER SYSTEM CONTROL NUMBER (OCLC)
OCLC library identifier NLGGC
System control number 100401317
029 1# - OTHER SYSTEM CONTROL NUMBER (OCLC)
OCLC library identifier NZ1
System control number 4543101
029 1# - OTHER SYSTEM CONTROL NUMBER (OCLC)
OCLC library identifier AU@
System control number 000009606155
029 1# - OTHER SYSTEM CONTROL NUMBER (OCLC)
OCLC library identifier UNITY
System control number 114104271
029 1# - OTHER SYSTEM CONTROL NUMBER (OCLC)
OCLC library identifier UKLBR
System control number 0202304604
029 1# - OTHER SYSTEM CONTROL NUMBER (OCLC)
OCLC library identifier HEBIS
System control number 110443217
029 1# - OTHER SYSTEM CONTROL NUMBER (OCLC)
OCLC library identifier GEBAY
System control number 2056563
245 04 - TITLE STATEMENT
Title The Changing contract across generations /
Medium [electronic resource]
Statement of responsibility, etc. Vern L. Bengtson and W. Andrew Achenbaum, editors.
260 ## - PUBLICATION, DISTRIBUTION, ETC.
Place of publication, distribution, etc. New York :
Name of publisher, distributor, etc. A. de Gruyter,
Date of publication, distribution, etc. c1993.
300 ## - PHYSICAL DESCRIPTION
Extent xviii, 311 p. :
Other physical details ill. ;
Dimensions 24 cm.
440 #0 - SERIES STATEMENT/ADDED ENTRY--TITLE
Title Social institutions and social change
504 ## - BIBLIOGRAPHY, ETC. NOTE
Bibliography, etc. note Includes bibliographical references (p. 273-297) and index.
505 0# - FORMATTED CONTENTS NOTE
Formatted contents note Is the "contract across generations" changing? Effects of population aging on obligations and expectations across age groups / Vern L. Bengtson -- Generational relations in historical context / W. Andrew Achenbaum -- An historical perspective on support for schooling by different age cohorts / Maris A. Vinovskis -- Economic status of the young and old in the working-age population, 1964-1987 / Richard A. Easterlin, Diane J. Macunovich, and Eileen M. Crimmins -- Of deeds and contracts : filial piety perceived in contemporary Shanghai / Judith Treas and Wei Wang -- When the contract fails : care for the elderly in noindustrial cultures / Nancy Foner -- Conflict over intergenerational equity : rhetoric and reality in a comparative context / Victor W. Marshall, Fay Lomax Cook, and Joanne Gard Marshall --
505 0# - FORMATTED CONTENTS NOTE
Formatted contents note Intergenerational relations and welfare restructuring : the social construction of an intergenerational problem / Alan Walker -- Connections : kin and cohort / Matilda White Riley and John W. Riley, Jr. -- Intergenerational relations : gender, norms, and behavior / Alice S. Rossi -- A lifetime of privilege? Aging and generations at century's end / David W. Thomson -- Interest group politics : generational changes in the politics of aging / Fernando M. Torres-Gil -- Setting the agenda for research on cohorts and generations : theoretical, political, and policy implications / Jill Quadagno, W. Andrew Achenbaum, and Vern L. Bengtson.
650 #0 - SUBJECT ADDED ENTRY--TOPICAL TERM
Topical term or geographic name entry element Youth
General subdivision Attitudes
Form subdivision Cross-cultural studies.
650 #0 - SUBJECT ADDED ENTRY--TOPICAL TERM
Topical term or geographic name entry element Older people
General subdivision Attitudes
Form subdivision Cross-cultural studies.
650 #0 - SUBJECT ADDED ENTRY--TOPICAL TERM
Topical term or geographic name entry element Conflict of generations
Form subdivision Cross-cultural studies.
650 #4 - SUBJECT ADDED ENTRY--TOPICAL TERM
Topical term or geographic name entry element Ancianos
General subdivision Actitudes
-- Estudios culturales comparados.
650 #4 - SUBJECT ADDED ENTRY--TOPICAL TERM
Topical term or geographic name entry element Conflicto entre generaciones
General subdivision Estudios culturales comparados.
650 #6 - SUBJECT ADDED ENTRY--TOPICAL TERM
Topical term or geographic name entry element Jeunesse
General subdivision Attitudes
Form subdivision Études transculturelles.
650 #6 - SUBJECT ADDED ENTRY--TOPICAL TERM
Topical term or geographic name entry element Personnes âgées
General subdivision Attitudes
Form subdivision Études transculturelles.
650 #6 - SUBJECT ADDED ENTRY--TOPICAL TERM
Topical term or geographic name entry element Conflit de générations
Form subdivision Études transculturelles.
650 07 - SUBJECT ADDED ENTRY--TOPICAL TERM
Topical term or geographic name entry element Generationskonflikt
Source of heading or term swd
650 07 - SUBJECT ADDED ENTRY--TOPICAL TERM
Topical term or geographic name entry element Einstellung
Source of heading or term swd
650 07 - SUBJECT ADDED ENTRY--TOPICAL TERM
Topical term or geographic name entry element Aufsatzsammlung
Source of heading or term swd
700 1# - ADDED ENTRY--PERSONAL NAME
Personal name Bengtson, Vern L.
700 1# - ADDED ENTRY--PERSONAL NAME
Personal name Achenbaum, W. Andrew.
856 41 - ELECTRONIC LOCATION AND ACCESS
Uniform Resource Identifier <a href="http://www.archive.org/details/changingcontract00beng">http://www.archive.org/details/changingcontract00beng</a>
Public note Free eBook from the Internet Archive
856 42 - ELECTRONIC LOCATION AND ACCESS
Uniform Resource Identifier <a href="http://www.openlibrary.org/books/OL1734736M">http://www.openlibrary.org/books/OL1734736M</a>
Public note Additional information and access via Open Library
Holdings
Withdrawn status Lost status Damaged status Not for loan Collection Home library Current library Date acquired Total Checkouts Full call number Date last seen Price effective from Koha item type
        Project Gutenberg Main Library Main Library 05/25/2023   HQ796 .C4515 1993 05/25/2023 05/25/2023 EBooks